Visualizzazione normale
Vista MARC
- CANTAUTORE [DISCHI]
di Topical Term
Records bibliografici associati: 11
001 - CONTROL NUMBER
- control field: 984
003 - CONTROL NUMBER IDENTIFIER
- control field: IT-RoPau
005 - DATE AND TIME OF LATEST TRANSACTION
- control field: 20131105213513.0
008 - FIXED-LENGTH DATA ELEMENTS
- fixed length control field: 131105|| aca||aabn | a|a d
040 ## - CATALOGING SOURCE
- Original cataloging agency: IT-RoPau
- Transcribing agency: IT-RoPau
150 ## - HEADING--TOPICAL TERM
- Topical term or geographic name entry element: CANTAUTORE [DISCHI]
- : Codice MATERIA SPICS: 9950
670 ## - SOURCE DATA FOUND
- Source citation: Work cat.: (IT-RoPau)101173: Alloisio Giampiero 981, Dovevo fare del cinema (Lp Asc 20271)